| 000 | 00471pab a2200169 454500 | ||
|---|---|---|---|
| 008 | 180718b1984 xxu||||| |||| 00| 0 eng d | ||
| 100 | _aMalhotra, Rashmi | ||
| 245 |
_aAssessment of knowledge and attitudes of high school students regarding family planning _bA need of the day |
||
| 260 | _c1984 | ||
| 300 | _a57-60 | ||
| 362 | _aDec. | ||
| 650 | _aBirth Control | ||
| 700 | _aM. Nath | ||
| 700 | _aParveen Kaur | ||
| 773 | _aJournal of Family Welfare | ||
| 909 | _a4473 | ||
| 999 |
_c4473 _d4473 |
||